000 00739aas a2200217 4500
999 _c3402
_d3402
003 BR-BrBNA
005 20230317233803.0
007 ta
008 230119b bl ||||| |||| 00| 0 por d
035 _a000485-5
040 _aBR-BrBNA
_bPor
_cBR-BrBNA
042 _aN
044 _abl
245 _aProgramas e Projetos - Empresa de Assistência Técnica e Extensão Rural do Estado do Maranhão (Brazil)
260 _aSão Luis-MA
_bEmpresa de Assistência Técnica e Extensão Rural do Estado do Maranhão
_c1983. Data final de publicação em 1985
_eBMA
270 _aAv. Getúlio Vargas, 2321 - Monte Castelo - 65000-000
310 _aanual
505 _a1983 (7); 1984 (4); 1985-86 (10-11);
909 _a56
_bSergio Santos
_c56
_dSergio Santos
942 _cCR
_2AGRIS